000 00447 a2200181 4500
001 133289
020 _a85-7594-001-5
040 _cLeonardo Da Vinci
041 _aPortuguês
082 _aI R544c
_bR544c
100 _aROBATTO, Sonia
245 _aA Casa barriga
_bmemórias de um bebê
260 _bCódex
_c2002
_aSão Paulo
362 _a20020000
500 _aAnita Ljung (Ilustração)
697 _aLiteratura infantil
942 _cBK
999 _c133289
_d133289